| 000 | 00477nmm a2200145Ia 4500 | ||
|---|---|---|---|
| 008 | 251105s9999||||xx |||||||||||||||||und|| | ||
| 041 | _aspa | ||
| 100 | _aDíaz Vázquez, Manuel José | ||
| 245 | 0 | _aApuntes y memorias del peor estudiante del mundo | |
| 264 |
_a[Madrid, España] : _bLiber Factory, _c[Fecha de publicación no identificada] |
||
| 300 | _a0 páginas | ||
| 650 | _aSpanish narrative | ||
| 856 | _uhttps://public.digitaliapublishing.com/a/87773 | ||
| 942 | _cCF | ||
| 999 |
_c103516 _d103516 |
||